विविधा गीता खंड 1 भगवद्गीता - अवधूत - अगस्त्य- अश्म -अजगर व अष्टावक्र मूळ संस्कृत संहिता आणि मराठी अर्थ (Record no. 1308549)

MARC details
000 -LEADER
fixed length control field 01842nam a2200181Ia 4500
008 - FIXED-LENGTH DATA ELEMENTS--GENERAL INFORMATION
fixed length control field 151202s9999||||xx |||||||||||||| ||und||
082 ## - DEWEY DECIMAL CLASSIFICATION NUMBER
Item number PNVM-42597
100 ## - MAIN ENTRY--PERSONAL NAME
Personal name वझे आत्माराम महादेव स्वरमाला सोसा ब अभिनव जवळ कर्वे रोड पुणे ४११ ००४
245 ## - TITLE STATEMENT
Title विविधा गीता खंड 1 भगवद्गीता - अवधूत - अगस्त्य- अश्म -अजगर व अष्टावक्र मूळ संस्कृत संहिता आणि मराठी अर्थ
260 ## - PUBLICATION, DISTRIBUTION, ETC. (IMPRINT)
Name of publisher, distributor, etc "गीता धर्म मंडळ गीताभवन, ११४१ सदाशिव पेठ, ल ब भोपटकर मार्ग , पुणे ४११ ०३० "
260 ## - PUBLICATION, DISTRIBUTION, ETC. (IMPRINT)
Date of publication, distribution, etc 0
300 ## - PHYSICAL DESCRIPTION
Extent 342
600 ## - SUBJECT ADDED ENTRY--PERSONAL NAME
Personal name वझे आत्माराम महादेव स्वरमाला सोसा ब अभिनव जवळ कर्वे रोड पुणे ४११ ००४
630 ## - SUBJECT ADDED ENTRY--UNIFORM TITLE
Uniform title विविधा गीता खंड 1 भगवद्गीता - अवधूत - अगस्त्य- अश्म -अजगर व अष्टावक्र मूळ संस्कृत संहिता आणि मराठी अर्थ
700 ## - ADDED ENTRY--PERSONAL NAME
Personal name वझे आत्माराम महादेव स्वरमाला सोसा ब अभिनव जवळ कर्वे रोड पुणे ४११ ००४
730 ## - ADDED ENTRY--UNIFORM TITLE
Uniform title विविधा गीता खंड 1 भगवद्गीता - अवधूत - अगस्त्य- अश्म -अजगर व अष्टावक्र मूळ संस्कृत संहिता आणि मराठी अर्थ
942 ## - ADDED ENTRY ELEMENTS (KOHA)
Koha item type Book
Holdings
Withdrawn status Lost status Damaged status Not for loan Home library Current library Date acquired Cost, normal purchase price Total Checkouts Full call number Barcode Date last seen Cost, replacement price Price effective from Koha item type
        Pune Nagar Vachan Mandir, Pune Pune Nagar Vachan Mandir, Pune 06/21/2015 200.00   PNVM-42597 PNVM-42597 12/02/2015 200.00 12/02/2015 Book